000 00591nam a2200205 u 4500
005 20210223131756.0
008 120626s2000 es r 000 0 spa d
020 _a849312432X
035 _aUPN01000185469
049 _aCG
050 4 _aPN6071 S4
_bR8.5
245 0 0 _aRumores de mar /
_cselec. de Viviana Paletta ; pról. de José María Merino.
260 _aMadrid :
_bPáginas de Espuma,
_c2000.
300 _a219 p.
440 0 _aNarrativa breve ;
_v1
650 4 _aCUENTOS DE MAR
_98752
700 1 _aPaletta, Viviana,
_d1967-
_ecomp.
_931789
905 _aLibro
999 _c157572
_d157572